| 000 | 01461cab a2200349 4500 | ||
|---|---|---|---|
| 001 | ABS59208 | ||
| 008 | 090401t1998 xxu||||| |||| 00| 0 eng d | ||
| 035 | _a(Sirsi) u88369 | ||
| 041 | _aeng | ||
| 100 | _aJones, C. | ||
| 245 | _aEnvironmental assessment in the UK planning process | ||
| 260 | _c1998 | ||
| 350 | _a0 | ||
| 490 |
_aTown Planning Review _v69(3) 1998, 315-339(13) |
||
| 520 | _aPresents data on forty case studies in order to provide an overview of the role of environmental assessment (EA) in the UK planning process. Discusses the findings for each stage of the EA process: project screening, scoping, preparation of the environmental statement (ES), ES review, formal consultation and participation, decision making, and implementation monitoring. Compares these findings with results previously published elsewhere, and suggests a number of steps which could be taken to improve the EA process further. Includes references. | ||
| 650 | _aBENEFITS | ||
| 650 | _aCONSULTATION | ||
| 650 | _aCOSTS | ||
| 650 | _aDEVELOPMENTS | ||
| 650 | _aEC DIRECTIVE 85/337 | ||
| 650 | _aENVIRONMENTAL ASSESSMENT | ||
| 650 | _aMITIGATION | ||
| 650 | _aMONITORING | ||
| 650 | _aPLANNING OFFICERS | ||
| 650 | _aSCOPING | ||
| 650 | _aTOWN AND COUNTRY PLANNING (ASSESSMENT OF ENVIRONMENTAL EFFECTS) REGULA | ||
| 690 | _aPLANNING LAW AND PRACTICE | ||
| 700 | _aWood, C. | ||
| 700 | _aDipper, B. | ||
| 942 | _n0 | ||
| 948 | _c09/09/1998 | ||
| 999 |
_c55816 _d55816 |
||